Countries and Territories of the World - Statistics

General Stats
  • This quiz has been taken 22 times
  • The average score is 150 of 279
Answer Stats
Area Answer % Correct
Eurasia Afghanistan
89%
Caribbean Dominica
89%
Caribbean Dominican Republic
89%
Caribbean Jamaica
89%
Europe Albania
78%
Europe Andorra
78%
Eurasia Armenia
78%
Europe Bosnia & Herzegovina
78%
Americas Canada
78%
Europe Croatia
78%
Eurasia Georgia
78%
Caribbean Haiti
78%
Middle East Israel
78%
Caribbean Martinique
78%
Americas Mexico
78%
Caribbean Montserrat
78%
Middle East Palestine
78%
Americas Panama
78%
Caribbean St Lucia
78%
Americas United States of America/USA
78%
Africa Algeria
67%
Oceania American Samoa
67%
Africa Angola
67%
Caribbean Anguilla
67%
Americas Argentina
67%
Europe Austria
67%
Eurasia Azerbaijan
67%
Middle East Bahrain
67%
Asia Bangladesh
67%
Caribbean Barbados
67%
Europe Belarus
67%
Europe Belgium
67%
Americas Belize
67%
Africa Benin
67%
Island (British Territory) Bermuda
67%
Americas Bolivia
67%
Caribbean British Virgin Islands
67%
Asia Brunei
67%
Europe Bulgaria
67%
Africa Burkina Faso
67%
Americas Costa Rica
67%
Caribbean Cuba
67%
Europe Czech Republic
67%
Europe Denmark
67%
Asia East Timor
67%
Americas El Salvador
67%
Europe England
67%
Africa Equatorial Guinea
67%
Europe Estonia
67%
Africa Eswatini
67%
Africa Ethiopia
67%
Oceania Fiji
67%
Europe France
67%
Europe Germany
67%
Caribbean Grenada
67%
Caribbean Guadeloupe
67%
Americas Guatemala
67%
Africa Guinea
67%
Africa Guinea-Bissau
67%
Asia India
67%
Asia Indonesia
67%
Middle East Iran
67%
Middle East Iraq
67%
Europe Ireland
67%
Africa Ivory Coast
67%
Eurasia Kazakhstan
67%
Africa Kenya
67%
Middle East Kuwait
67%
Eurasia Kyrgyzstan
67%
Europe Latvia
67%
Africa Libya
67%
Europe Lithuania
67%
Europe Luxembourg
67%
Africa Madagascar
67%
Africa Mauritania
67%
Island (France) Mayotte
67%
Africa Mozambique
67%
Africa Namibia
67%
Oceania New Caledonia
67%
Americas Nicaragua
67%
Europe Northern Ireland
67%
Europe North Macedonia
67%
Middle East Oman
67%
Asia Pakistan
67%
Oceania Papua New Guinea
67%
Americas Peru
67%
Middle East Qatar
67%
Island (France) Reunion
67%
Oceania Samoa
67%
Europe San Marino
67%
Middle East Saudi Arabia
67%
Europe Scotland
67%
Caribbean Sint Maarten
67%
Europe Slovenia
67%
Asia South Korea
67%
De Facto Independent in Europe South Ossetia
67%
Asia Taiwan
67%
Africa Togo
67%
Africa Tunisia
67%
Eurasia Turkey
67%
Eurasia Uzbekistan
67%
Europe Vatican City
67%
Europe Wales
67%
Middle East Yemen
67%
De Facto Independent in Europe Abkhazia
56%
Caribbean Bahamas
56%
Africa Botswana
56%
Americas Brazil
56%
Africa Burundi
56%
Asia Cambodia
56%
Africa Cameroon
56%
Africa Cape Verde
56%
Caribbean Cayman Islands
56%
Africa Central African Republic
56%
Africa Chad
56%
Americas Chile
56%
Asia China
56%
Americas Colombia
56%
Europe Cyprus
56%
Africa Djibouti
56%
Americas Ecuador
56%
Africa Egypt
56%
Africa Eritrea
56%
Island (British Territory) Falkland Islands
56%
Europe Finland
56%
Africa Gabon
56%
Africa Gambia
56%
Africa Ghana
56%
Europe Gibraltar
56%
Europe Greece
56%
Island (Denmark) Greenland
56%
Oceania Guam
56%
Island (UK) Guernsey
56%
Americas Guyana
56%
Americas Honduras
56%
Asia Hong Kong
56%
Europe Hungary
56%
Europe Iceland
56%
Europe Italy
56%
Asia Japan
56%
Island (UK) Jersey
56%
Middle East Jordan
56%
Oceania Kiribati
56%
De Facto Independent in Europe Kosovo
56%
Asia Laos
56%
Middle East Lebanon
56%
Africa Lesotho
56%
Africa Liberia
56%
Europe Liechtenstein
56%
Asia Macau
56%
Asia Malaysia
56%
Asia Maldives
56%
Africa Mali
56%
Europe Malta
56%
Oceania Marshall Islands
56%
Africa Mauritius
56%
Oceania Micronesia
56%
Europe Moldova
56%
Europe Monaco
56%
Asia Mongolia
56%
Europe Montenegro
56%
Africa Morocco
56%
Asia Myanmar
56%
Oceania Nauru
56%
Asia Nepal
56%
Europe Netherlands
56%
Africa Niger
56%
Africa Nigeria
56%
Asia North Korea
56%
Europe Norway
56%
Oceania Palau
56%
Europe Poland
56%
Europe Portugal
56%
Caribbean Puerto Rico
56%
Africa Republic of the Congo
56%
Europe Russia
56%
Africa Rwanda
56%
Caribbean Saint Martin
56%
Africa Senegal
56%
Africa Seychelles
56%
Africa Sierra Leone
56%
Asia Singapore
56%
Europe Slovakia
56%
De Facto Independent in Africa Somaliland
56%
Africa South Africa
56%
Europe Spain
56%
Caribbean St Barthelemy
56%
Africa Sudan
56%
Americas Suriname
56%
Europe Sweden
56%
Europe Switzerland
56%
Middle East Syria
56%
Africa Tanzania
56%
Asia Thailand
56%
Oceania Tonga
56%
Eurasia Turkmenistan
56%
Oceania Tuvalu
56%
Africa Uganda
56%
Europe Ukraine
56%
Middle East United Arab Emirates/UAE
56%
Americas Uruguay
56%
Americas Venezuela
56%
Asia Vietnam
56%
Africa Western Sahara
56%
Africa Zambia
56%
Africa Zimbabwe
56%
Caribbean Antigua & Barbuda
44%
Caribbean Aruba
44%
Oceania Australia
44%
Asia Bhutan
44%
Caribbean Bonaire
44%
Island (Australia) Christmas Island
44%
Africa Comoros
44%
Caribbean Curacao
44%
Oceania French Polynesia
44%
Island (UK) Isle of Man
44%
Africa Malawi
44%
Oceania Niue
44%
Island (Australia) Norfolk Island
44%
Oceania Northern Mariana Islands
44%
Americas Paraguay
44%
Asia Philippines
44%
Europe Romania
44%
Europe Serbia
44%
Oceania Solomon Islands
44%
Africa Somalia
44%
Africa South Sudan
44%
Asia Sri Lanka
44%
Island (Norway) Svalbard
44%
Eurasia Tajikistan
44%
De Facto Independent in Europe Transnistria
44%
Caribbean Turks & Caicos
44%
Caribbean U.S Virgin Islands
44%
Oceania Vanuatu
44%
Island (Finland) Aland Islands
33%
Oceania Cook Islands
33%
Africa Democratic Republic of Congo/DRC
33%
Island (Chile) Easter Island
33%
Island (Denmark) Faroe Islands
33%
Americas French Guiana
33%
Oceania New Zealand
33%
De Facto Independent in Europe Northern Cyprus
33%
Africa Sao Tome & Principe
33%
Caribbean Sint Eustatius
33%
Island (British Territory) St Helena
33%
Caribbean St Kitts & Nevis
33%
Oceania Tokelau
33%
Caribbean Trinidad & Tobago
33%
Oceania Wallis & Futuna
33%
Antarctica (Britain) British Antarctic Territory
22%
Island (British Territory) British Indian Ocean Territory
22%
Island (Spain) Canary Islands
22%
Island (Portugal) Madeira
22%
Oceania Pitcairn Islands
22%
Antarctica (Norway) Queen Maud Land
22%
Antarctica (New Zealand) Ross Dependency
22%
Caribbean Saba
22%
Island (France) St Pierre & Miquelon
22%
Caribbean St Vincent & The Grenadines
22%
Island (British Territory) Tristan da Cunha
22%
Island (Tanzania) Zanzibar
22%
Island (UK) Alderney
11%
Antarctica (Argentina) Argentine Antarctica
11%
Island (British Territory) Ascension Island
11%
Antarctica (Australia) Australian Antarctic Territory
11%
Island (Portugal) Azores
11%
Oceania (Autonomous Region) Bougainville
11%
Antarctica (Chile) Chilean Antarctic Territory
11%
Island (Australia) Cocos Keeling Islands
11%
Antarctica (France) French Southern & Antarctic Lands
11%
Island (Ecuador) Galapagos Islands
11%
Island (Scotland) Orkney Islands
11%
Island (UK) Sark
11%
Island (Spain) Balearic Islands
0%
Island (Chile) Juan Fernandez Islands
0%
Island (Scotland) Shetland Islands
0%
Island (British Territory) South Georgia & South Sandwich Islands
0%
Asia Tibet
0%
Island (Indigenous Land) Torres Strait Islands
0%
No matching quizzes found
Score Distribution
Percent of People with Each Score
Percentile by Number Answered
Your Score History
You have not taken this quiz